| 000 | 00987cam a22002775a 4500 | ||
|---|---|---|---|
| 001 | 017141566 | ||
| 003 | OSt | ||
| 005 | 20161204135307.0 | ||
| 008 | 150402t2016 enka fr 001 0 eng d | ||
| 020 | _a9781292079691 | ||
| 020 | _a129207969X | ||
| 040 |
_aUk _beng _cUk _dEG-ScBUE |
||
| 082 | 0 | 4 |
_a003.56 _222 _bHOW |
| 100 | 1 |
_aHoward, Ronald A. _q(Ronald Arthur), _d1934- |
|
| 245 | 1 | 0 |
_aFoundations of decision analysis / _cRonald A. Howard, Ali E. Abbas. |
| 250 | _aGlobal ed. | ||
| 260 |
_aHarlow : _bPearson Education Limited, _cc.2016. |
||
| 300 |
_a829 p. : _bill. ; _c24 cm. |
||
| 500 | _aAuthorized adaptation from the United States edition, entitled: Foundations of decision analysis by Ronald A. Howard and Ali E. Abbas, published by Pearson Education © 2015"--Title page verso. | ||
| 500 | _aIncludes index. | ||
| 650 | 7 |
_aDecision making. _2BUEsh _912112 |
|
| 651 | _2BUEsh | ||
| 653 |
_bNNUR _cDecember2016 |
||
| 700 | 1 |
_aAbbas, Ali E. _q(Ali El-Sayed) |
|
| 942 | _2ddc | ||
| 999 |
_c23436 _d23408 |
||